[Event "FRA-ch Blitz Online Qual"]
[Site "Europe Echecs INT"]
[Date "2020.05.16"]
[Round "3"]
[White "Alif, Yassine"]
[Black "Fraile, Lucas"]
[Result "1-0"]
[WhiteElo "1874"]
[BlackElo "1276"]
[PlyCount "40"]
[EventDate "2020.05.16"]
[EventType "swiss (blitz)"]
[EventRounds "15"]
[EventCountry "FRA"]
[SourceTitle "CBM 196 Extra"]
[Source "ChessBase"]
[SourceDate "2020.07.31"]
[SourceVersion "1"]
[SourceVersionDate "2020.07.31"]
[SourceQuality "1"]

1. d4 Nf6 2. c4 e5 3. dxe5 Ng4 4. Bf4 Nc6 5. Nf3 Bc5 6. e3 Qe7 7. Nc3 Ngxe5 8. Nxe5 Nxe5 9. Nd5 Qd6 10. Qh5 c6 11. Bxe5 Qe7 12. Nxe7 Bxe7 13. Bxg7 Rg8 14. Qxh7 Bb4+ 15. Ke2 Rxg7 16. Qxg7 d5 17. cxd5 cxd5 18. h4 Bd7 19. h5 Bb5+ 20. Kf3 Ke7 1-0

[Event "FRA-ch Blitz Online Qual"]
[Site "Europe Echecs INT"]
[Date "2020.05.16"]
[Round "10"]
[White "Derige Kane, Yan"]
[Black "Alif, Yassine"]
[Result "1-0"]
[WhiteElo "2236"]
[BlackElo "1874"]
[PlyCount "57"]
[EventDate "2020.05.16"]
[EventType "swiss (blitz)"]
[EventRounds "15"]
[EventCountry "FRA"]
[SourceTitle "CBM 196 Extra"]
[Source "ChessBase"]
[SourceDate "2020.07.31"]
[SourceVersion "1"]
[SourceVersionDate "2020.07.31"]
[SourceQuality "1"]

1. d4 Nf6 2. Bg5 g6 3. Bxf6 exf6 4. c4 Bg7 5. Nc3 0-0 6. g3 c6 7. Bg2 d6 8. e3 Nd7 9. Nge2 f5 10. 0-0 Nf6 11. b4 d5 12. cxd5 cxd5 13. Qb3 Be6 14. Nf4 g5 15. Nfxd5 Rc8 16. Nxf6+ Qxf6 17. Qb2 Rc4 18. Rac1 Qe7 19. a3 Rd8 20. Na4 b6 21. Rxc4 Bxc4 22. Rc1 f4 23. Rxc4 fxe3 24. fxe3 Qxe3+ 25. Qf2 Qb3 26. Nb2 Re8 27. Bd5 Re7 28. Rc8+ Bf8 29. Bxb3 1-0

[Event "FRA-ch Blitz Online Qual"]
[Site "Europe Echecs INT"]
[Date "2020.05.16"]
[Round "6"]
[White "Droin, Augustin"]
[Black "Alif, Yassine"]
[Result "1-0"]
[WhiteElo "2313"]
[BlackElo "1874"]
[PlyCount "65"]
[EventDate "2020.05.16"]
[EventType "swiss (blitz)"]
[EventRounds "15"]
[EventCountry "FRA"]
[SourceTitle "CBM 196 Extra"]
[Source "ChessBase"]
[SourceDate "2020.07.31"]
[SourceVersion "1"]
[SourceVersionDate "2020.07.31"]
[SourceQuality "1"]

1. e4 c5 2. Nf3 Nc6 3. Bb5 g6 4. 0-0 Bg7 5. Nc3 e5 6. a3 Nge7 7. b4 d6 8. d3 0-0 9. Rb1 h6 10. Bc4 Nd4 11. bxc5 dxc5 12. Nxd4 cxd4 13. Nd5 Rb8 14. f4 Be6 15. Nxe7+ Qxe7 16. Bxe6 fxe6 17. fxe5 Bxe5 18. g3 Kh7 19. Bd2 Bd6 20. a4 Rxf1+ 21. Qxf1 Rf8 22. Qe2 Rf7 23. e5 Bc5 24. Qe4 b6 25. h4 Rf5 26. g4 Rf7 27. h5 Rg7 28. Rf1 Qe8 29. Rf6 Kh8 30. Bxh6 Rg8 31. hxg6 Qe7 32. Rf7 Qe8 33. Rh7# 1-0

[Event "Montigny le Bretonneux Noel op 16th"]
[Site "Montigny le Bretonneux"]
[Date "2015.12.27"]
[Round "1"]
[White "Tornare, Michel"]
[Black "Alif, Yassine"]
[Result "0-1"]
[WhiteElo "1879"]
[BlackElo "1472"]
[PlyCount "62"]
[EventDate "2015.12.27"]
[EventType "swiss"]
[EventRounds "7"]
[EventCountry "FRA"]
[SourceTitle "CBM 170 Extra"]
[Source "ChessBase"]
[SourceDate "2016.02.25"]
[SourceVersion "1"]
[SourceVersionDate "2016.02.25"]
[SourceQuality "1"]

1. e4 e5 2. Nf3 Nc6 3. Nc3 Nf6 4. d4 exd4 5. Nxd4 Nxd4 6. Qxd4 d6 7. Bg5 Be7 8. 0-0-0 0-0 9. Bc4 Be6 10. Bxe6 fxe6 11. Qc4 Qd7 12. f3 Kh8 13. Nb5 c6 14. Nxd6 Bxd6 15. e5 Nd5 16. exd6 Qxd6 17. Rhe1 Rae8 18. Qh4 Rf7 19. Kb1 Qb4 20. Qxb4 Nxb4 21. a3 Nd5 22. c4 Nb6 23. Re4 Rd7 24. Rde1 h6 25. Bh4 Rd2 26. R1e3 Rxg2 27. Bg3 Na4 28. b3 Rd8 29. Re1 Nc3+ 30. Kc1 Rdd2 31. Be5 Rc2# 0-1